Every Song by Nico & Vinz - Statistics

General Stats
  • This quiz has been taken 6 times
  • The average score is 8 of 55
Answer Stats
Album Song % Correct
Black Star Elephant(2014) Am I Wrong
100%
Trouble(2021) Trouble
50%
Black Star Elephant(2014) Another Day
25%
The Magic Soup and the Bittersweet Faces(2012) B.O.H. (Bombs Over Here)
25%
The Magic Soup and the Bittersweet Faces(2012) Bombs
25%
Trouble(2021) Don't Be Afraid
25%
Non-Album(2015) Fresh Idea
25%
Elephant in the Room(2017) Headlights
25%
Non-Album(2016) Hold it Together
25%
Elephant in the Room(2017) Intrigued
25%
The Magic Soup and the Bittersweet Faces(2012) Intro
25%
Black Star Elephant(2014) Intro
25%
Black Star Elephant(2014) In Your Arms
25%
Black Star Elephant(2014) Last Time
25%
Cornerstone(2015) Lay a Little Closer
25%
Elephant in the Room(2017) Listen
25%
Elephant in the Room(2017) Love 2 Feel
25%
Black Star Elephant(2014) My Melody
25%
Cornerstone(2015) Our Love
25%
Black Star Elephant(2014) People
25%
Cornerstone(2015) Praying to a God
25%
Black Star Elephant(2014) Runnin'
25%
Elephant in the Room(2017) So Bad
25%
Cornerstone(2015) That's How You Know
25%
Black Star Elephant(2014) Thought I Knew
25%
Elephant in the Room(2017) What I Came Out For
25%
Black Star Elephant(2014) When the Day Comes
25%
The Magic Soup and the Bittersweet Faces(2012) 5 Star
0%
Black Star Elephant(2014) Arrival
0%
The Magic Soup and the Bittersweet Faces(2012) Come Over
0%
The Magic Soup and the Bittersweet Faces(2012) Everywhere
0%
The Magic Soup and the Bittersweet Faces(2012) Free Bird
0%
The Magic Soup and the Bittersweet Faces(2012) Go Loud
0%
Black Star Elephant(2014) Homeless
0%
Black Star Elephant(2014) Imaa Imaa
0%
Black Star Elephant(2014) Imagine
0%
The Magic Soup and the Bittersweet Faces(2012) Keep It Down Low
0%
Black Star Elephant(2014) Know What I'm Not
0%
Black Star Elephant(2014) Kokadinye
0%
Black Star Elephant(2014) Lakota
0%
Black Star Elephant(2014) Leave Us
0%
Black Star Elephant(2014) Miracles
0%
Black Star Elephant(2014) New in Town
0%
Trouble(2021) No Doubt
0%
The Magic Soup and the Bittersweet Faces(2012) No Love in the Club
0%
Cornerstone(2015) Not for Nothing
0%
The Magic Soup and the Bittersweet Faces(2012) One Song
0%
Non-Album(2022) Peace
0%
Black Star Elephant(2014) Powerful
0%
Non-Album(2010) Set to Go
0%
The Magic Soup and the Bittersweet Faces(2012) Slow Down
0%
The Magic Soup and the Bittersweet Faces(2012) So Everything
0%
Non-Album(2024) Tar Jeg Feil
0%
The Magic Soup and the Bittersweet Faces(2012) Up and Away
0%
The Magic Soup and the Bittersweet Faces(2012) When It All Falls Down
0%
No matching quizzes found
Score Distribution
Percent of People with Each Score
Percentile by Number Answered
Your Score History
You have not taken this quiz